书目信息 |
| 题名: |
景观照明创意和设计
|
|
| 作者: | 李铁楠 编著 | |
| 分册: | ||
| 出版信息: | 北京 机械工业出版社 2005.01 |
|
| 页数: | 137页 | |
| 开本: | 26cm | |
| 丛书名: | ||
| 单 册: | ||
| 中图分类: | TU113.6 | |
| 科图分类: | ||
| 主题词: | 城市--景观--室外照明--照明设计 | |
| 电子资源: | ||
| ISBN: | 7-111-14811-8 | |
| 000 | 01041nam0 2200229 450 | |
| 001 | 0153976250 | |
| 005 | 20091223151337.14 | |
| 010 | @a7-111-14811-8@dCNY48.00 | |
| 100 | @a20050126d2005 km y0chiy0120 ea | |
| 101 | 0 | @achi |
| 102 | @aCN@b110000 | |
| 105 | @aa a 000yy | |
| 200 | 1 | @a景观照明创意和设计@Ajing guan zhao ming chuang yi he she ji@f李铁楠编著@Fli tie nan bian zhu |
| 210 | @a北京@c机械工业出版社@d2005.01 | |
| 215 | @a137页@c图@d26cm | |
| 320 | @a有书目 (第137页)。 | |
| 330 | @a本书论述了城市景观照明创意设计中的有关问题,并通过对景观类型及功能特点的分析,探讨了相应的夜景设计原则、创意构思及形象设计方法,涉及的景观对象包括大型公共建筑、中国古典建筑、小型门店、步行空间、桥梁、园林等。书中的夜景创意分析既考虑了景观元素自身的功能性质及形态构成,也考虑了它们在城市环境中的角色地位。全书对一些典型照明手法的特点和使用进行了分析,融汇大量实例,更具针对性。 | |
| 606 | 0 | @a城市@x景观@x室外照明@x照明设计 |
| 690 | @aTU113.6@v4 | |
| 701 | 0 | @a李铁楠@Ali tie nan@4编著 |
| 801 | 0 | @c20091223 |
| 905 | @a10447@dTU113.6@eL275 | |
| 景观照明创意和设计/李铁楠编著.-北京:机械工业出版社,2005.01 |
| 137页:图;26cm |
| ISBN 7-111-14811-8:CNY48.00 |
| 本书论述了城市景观照明创意设计中的有关问题,并通过对景观类型及功能特点的分析,探讨了相应的夜景设计原则、创意构思及形象设计方法,涉及的景观对象包括大型公共建筑、中国古典建筑、小型门店、步行空间、桥梁、园林等。书中的夜景创意分析既考虑了景观元素自身的功能性质及形态构成,也考虑了它们在城市环境中的角色地位。全书对一些典型照明手法的特点和使用进行了分析,融汇大量实例,更具针对性。 |
| ● |
| 相关链接 |
|
|
|
正题名:景观照明创意和设计
索取号:TU113.6/L275
 
预约/预借
| 序号 | 登录号 | 条形码 | 馆藏地/架位号 | 状态 | 备注 |
| 1 | 523429 | 205234290 | 建筑库101/101建筑库 25排3列5层/ [索取号:TU113.6/L275] | 在馆 | |
| 2 | 523430 | 205234307 | 建筑库101/101建筑库 25排3列5层/ [索取号:TU113.6/L275] | 在馆 |